Lírica clásica española: Antología siglos xvi y xvii. Selección, prólogo, notas y bibliografía de Eladio García Carroza

Saved in:
Bibliografiske detaljer
Hovedforfatter: García Carroza, Eladio (Author)
Format: Bog
Sprog:spansk
Udgivet: Valparaíso Ediciones Universitarias de Valparaíso 1975
Udgivelse:1a. ed
Serier:Aula Media
Fag:
Tags: Tilføj Tag
Ingen Tags, Vær først til at tagge denne postø!

MARC

LEADER 00000nam a2200000 a 4500
001 UCJ4712
003 CL-VaPUC
008 070124e19750000CL |||||||||||||||||spa|d
082 0 4 |a 861  |b GAR  |2 21 
100 |a García Carroza, Eladio  |e author  |9 508887 
245 1 0 |a Lírica clásica española: Antología siglos xvi y xvii. Selección, prólogo, notas y bibliografía de Eladio García Carroza 
250 |a 1a. ed 
300 |a 115 p 
942 |c BK 
945 |d 20070124 00:00:00  |a rinostro 
260 |a Valparaíso  |b Ediciones Universitarias de Valparaíso  |c 1975 
600 0 7 |a GONGORA Y ARGOTE, LUIS DE  |2 CL-VaPUC  |9 267951 
600 0 7 |a CETINA, GUTIERRE DE  |2 CL-VaPUC  |9 508888 
600 0 7 |a EDICIONES UNIVERSITARIAS DE VALPARAISO  |2 CL-VaPUC  |9 504560 
650 0 |a Crítica literaria   |9 269189 
650 0 |a Antología   |9 327336 
650 0 |a Poesía española  |9 264938 
583 |a last modification  |c 20070124 00:00:00  |k Rodrigo Vera 
490 0 |a Aula Media 
999 |c 320828  |d 320826 
952 |0 0  |1 0  |4 0  |6 861_000000000000000_GAR_1975  |7 0  |8 X  |9 399431  |a FDOBUD  |b FDOBUD  |d 2019-11-22  |i 1024760  |o 861 GAR 1975  |p 1024760  |r 2019-11-22  |w 2019-11-22  |y BK_X  |k BUD